| 000 | 00516nam a2200181Ia 4500 | ||
|---|---|---|---|
| 999 |
_c393 _d393 |
||
| 003 | OSt | ||
| 005 | 20200212133552.0 | ||
| 008 | 151015s9999 xx 000 0 und d | ||
| 040 |
_aMMU _beng _cMMU _dMMU |
||
| 050 | _aHD .30.4 .S435 2003 | ||
| 100 | _aSekaran Uma | ||
| 245 |
_a_Research Methods for Business a Skill-building approach / _cSekaran, Uma |
||
| 250 | _a4th ed. | ||
| 260 |
_aNew Jersey: _bJohn Wile & sons, _c2003. |
||
| 500 | _aincludes index | ||
| 650 | _a_Research | ||
| 942 |
_2lcc _cLOAN LOAN _e4th ed. |
||